Biggest Cities in South Australia quiz - Statistics

General Stats
  • This quiz has been taken 224 times
  • The average score is 14 of 25
Answer Stats
Region Population % Correct
Adelaide Plains 1,103,979 Adelaide
99%
Limestone Coast 25,199 Mount Gambier
83%
Eyre Peninsula 14,088 Port Lincoln
77%
Murraylands 15,967 Murray Bridge
74%
Eyre Peninsula 13,504 Port Augusta
74%
Eyre Peninsula 21,736 Whyalla
73%
Adelaide Hills 14,452 Mount Barker
66%
Mid North 13,819 Port Pirie
66%
Clare Valley 3,278 Clare
63%
Adelaide Plains 23,957 Gawler
63%
Fleurieu Peninsula 13,411 Victor Harbor
61%
Riverland 4,387 Renmark
59%
Fleurieu Peninsula 10,438 Goolwa
50%
Riverland 4,103 Berri
46%
Adelaide Hills 14,617 Stirling-Bridgewater
44%
Barossa Valley 4,214 Tanunda
43%
Far North 4,702 Roxby Downs
41%
Yorke Peninsula 4,470 Kadina
40%
Yorke Peninsula 3,659 Moonta
39%
Limestone Coast 4,908 Naracoorte
39%
Barossa Valley 5,215 Nuriootpa
39%
Riverland 3,795 Loxton
37%
Fleurieu Peninsula 5,292 Strathalbyn
36%
Limestone Coast 4,798 Millicent
34%
Adelaide Hills 4,198 Nairne
20%
No matching quizzes found
Score Distribution
Percent of People with Each Score
Percentile by Number Answered
Your Score History
You have not taken this quiz